VI. stretnutie umelcov Záhoria k 30. výročiu vzniku Záhorskej galérie Jána Mudrocha v Senici Záhorská galéria Jána Mudrocha v Senici, Galéria v podkroví Základnej umeleckej školy, 26. november 2014-25. január 2015

Podrobná bibliografia
Hlavný autor: Zajíček, Štefan, 1949- (Autor, Kurátor)
Korporatívny autor: Stretnutie umelcov Záhoria Senica, Slovensko
Ďalší autori: Juríčková, Božena, 1955- (Spolupracovník), Kucmen, Róbert (Fotograf)
Médium: Konferenčný príspevok Kniha
Jazyk:slovenčina
Fyzický popis:96 s. fotogr. 21 cm
Vydavateľské údaje: Trnava Senica Trnavský samosprávny kraj Záhorská galéria 2014
ISBN:9788089724031 (brož.)
Edícia:Spoločné výstavy umelcov Záhoria
Predmet:

MARC

LEADER 00000cam a2200000 a 4500
001 vtls010662630
003 SK-MaSNL
005 20260301035329.0
008 160430s2014 xo o g c 000 0 slo
015 |a SNBE2016 
020 |a 9788089724031 (brož.) 
040 |a SNK  |b slo  |c SNK  |e AACR2 
041 0 |a slo  |b eng 
043 |a e-xo--- 
044 |a xo  |c SK 
072 7 |a 72/76  |x Výtvarné umenie  |2 konspekt 
080 |a 72/76:069  |2 2001 
080 |a 72/76(437.6)  |2 2001 
080 |a 7.036/.038  |2 2001 
080 |a (083.824)  |2 2001 
080 |a (082.2)  |2 2001 
080 |a (437.6)  |2 2001 
111 2 |a Stretnutie umelcov Záhoria  |n (6. :  |d 2014 :  |c Senica, Slovensko)  |9 337716 
245 1 0 |a VI. stretnutie umelcov Záhoria k 30. výročiu vzniku Záhorskej galérie Jána Mudrocha v Senici  |b Záhorská galéria Jána Mudrocha v Senici, Galéria v podkroví Základnej umeleckej školy, 26. november 2014-25. január 2015  |c [kurátor výstavy a autor publikácie: Štefan Zajíček ; odborná spolupráca: Božena Juríčková ; grafická úprava publikácie, pozvánky: Róbert Kucmen] 
246 3 |a Šieste stretnutie umelcov Záhoria k 30. výročiu vzniku Záhorskej galérie Jána Mudrocha v Senici 
260 |a Trnava  |b Trnavský samosprávny kraj  |a Senica  |b Záhorská galéria  |c 2014 
300 |a 96 s.  |b fotogr.  |c 21 cm 
366 |e 600 výt. 
490 1 |a Spoločné výstavy umelcov Záhoria ;  |v zv. 7 
504 |a Biografické údaje 
546 |a Res. angl. 
610 2 7 |a Záhorská galéria Jána Mudrocha (Senica, Slovensko)  |2 SNKKA  |9 337717 
611 2 7 |a Stretnutie umelcov Záhoria  |n (6. :  |d 2014 :  |c Senica, Slovensko)  |2 SNKKA  |9 337716 
648 7 |a 1984-2014  |2 SNKPH  |9 337718 
648 7 |a 20.-21. stor.  |2 SNKPH  |9 270701 
648 7 |a 20th-21st centuries  |2 SNKPHeng  |9 285312 
650 0 7 |a galérie  |2 SNKPH  |9 21513 
650 0 7 |a slovenské výtvarné umenie  |2 SNKPH  |9 68597 
650 0 7 |a moderné umenie  |2 SNKPH  |9 68456 
650 0 7 |a Art galleries  |2 SNKPHeng  |9 268036 
650 0 7 |a Slovak art  |2 SNKPHeng  |9 275442 
650 0 7 |a Modern art  |2 SNKPHeng  |9 294689 
651 7 |a Senica (Slovensko)  |2 SNKPH  |9 25102 
651 7 |a Záhorie (Slovensko : región)  |2 SNKPH  |9 177455 
651 7 |a Senica (Slovakia)  |2 SNKPHeng  |9 328519 
651 7 |a Záhorie (Slovakia : region)  |2 SNKPHeng  |9 121216 
655 7 |a katalógy výstav  |2 SNKPH  |9 70445 
655 7 |a jubilejné publikácie  |2 SNKPH  |9 70339 
655 7 |a Exhibition catalogs  |2 SNKPHeng  |9 266232 
655 7 |a Jubilee books  |2 SNKPHeng  |9 281827 
700 1 |a Zajíček, Štefan,  |d 1949-  |4 aut  |4 cur  |9 98488 
700 1 |a Juríčková, Božena,  |d 1955-  |4 clb  |9 109016 
700 1 |a Kucmen, Róbert  |4 bkd  |4 pht  |9 264523 
830 0 |a Spoločné výstavy umelcov Záhoria  |9 337719 
919 |a 978-80-89724-03-1 
999 |c 583749  |d 585679 
952 |a SNK  |b SNK  |y PREZ  |7 0  |p 17A1161122  |o snkOSC 27187  |i snk2015/22647  |8 0  |0 0  |1 0  |4 0  |d 2015-07-23  |l 0  |r 2026-02-23 15:00:11  |w 2026-02-23 
952 |a SNK  |b SNK  |y VYP  |7 0  |p 17A1161123  |o snkOSC 27187 D1  |i snk2015/22649  |8 0  |0 0  |1 0  |4 0  |d 2015-07-23  |l 0  |r 2026-02-23 15:00:11  |w 2026-02-23